00758cam a2200217 a 45000010008000000030010000080050017000180080041000350100017000760200016000930400009001090500021001180820017001391000032001562450114001882600046003023000052003485040027004005050075004276500038005024800421NUST-PNEC20170116180707.0880224s1988 ne a b 000 0 eng  a 88003912  a0444428046  cPNEC00aTA467b.D87 198800a620.1123 DUR1 aDuring, Evert D. D.,d1933-10aCorrosion atlas : Vol-1 & Vol-2ba collection of illustrated case histories /ccompiled by Evert D.D. During. aAmsterdam ;aNew York :bElsevier,c1988. a2 v. (loose-leaf) :bill. (some col.) ;c32 cm. aIncludes bibliography.0 av. 1. Carbon steels -- v. 2. Stainless steels and non-ferro materials. 0aCorrosion and anti-corrosivesxME